Statistiques concernant Gares de France accueillant le TGV

Cliquez ici pour prendre le quiz!

Statistiques générales

  • Ce quiz a été pris 430 fois
  • Le résultat moyen est 78 sur 186

Statistiques - réponses

Départements Ville % Correct
Bouches-du-RhôneMarseille-Saint-Charles
93%
NordLille-Europe
91%
NordLille-Flandres
91%
RhôneLyon-Saint-Exupéry TGV
90%
RhôneLyon-Perrache
90%
RhôneLyon-Part-Dieu
90%
Alpes-MaritimesNice-Ville
90%
Loire-AtlantiqueNantes
90%
GirondeBordeaux-Saint-Jean
90%
Meurthe-et-MoselleToul
90%
ParisParis-Nord
88%
ParisParis-Montparnasse
88%
ParisParis-Gare-de-Lyon
88%
ParisParis-Est
88%
FinistèreBrest
88%
HéraultMontpellier-Saint-Roch
88%
Ille-et-VilaineRennes
87%
Bas-RhinStrasbourg
83%
Côte-d'OrDijon-Ville
82%
Meurthe-et-MoselleNancy
81%
MoselleMetz
80%
Haute-GaronneToulouse-Matabiau
79%
Pas-de-CalaisCalais-Ville
78%
Pas-de-CalaisCalais - Fréthun
78%
VaucluseAvignon-Centre
77%
VaucluseAvignon TGV
77%
Haute-SavoieAnnecy
76%
DrômeValence TGV
76%
GardNîmes
76%
DrômeValence-Ville
76%
VarToulon
75%
IsèreGrenoble
74%
SartheLe Mans
73%
Indre-et-LoireTours
72%
SavoieChambéry-Challes-les-Eaux
72%
FinistèreQuimper
72%
Maine-et-LoireAngers-Saint-Laud
71%
Pyrénées-OrientalesPerpignan
70%
Seine-MaritimeRouen-Rive-Droite
69%
Pyrénées-AtlantiquesPau
69%
NordDunkerque
69%
Territoire de BelfortBelfort-Montbéliard TGV
69%
Alpes-MaritimesCannes
68%
Pyrénées-AtlantiquesBiarritz
68%
DoubsBesançon Franche-Comté TGV
68%
DoubsBesançon-Viotte
68%
MarneReims
68%
Haut-RhinMulhouse
67%
Haut-RhinColmar
66%
Seine-MaritimeLe Havre
66%
Bouches-du-RhôneAix-en-Provence TGV
66%
MorbihanLorient
65%
ViennePoitiers
65%
Pyrénées-AtlantiquesBayonne
64%
Pas-de-CalaisArras
64%
MorbihanVannes
63%
Charente-MaritimeLa Rochelle
63%
LoireSaint-Étienne Châteaucreux
62%
HéraultBéziers
62%
CharenteAngoulême
59%
Pas-de-CalaisLens
57%
YvelinesVersailles-Chantiers
57%
AinBourg-en-Bresse
56%
Lot-et-GaronneAgen
55%
Saône-et-LoireMâcon-Loché TGV
54%
Saône-et-LoireMâcon-Ville
54%
Seine-et-MarneMarne-la-Vallée-Chessy
53%
Ille-et-VilaineSaint-Malo
53%
NordValenciennes
52%
AudeCarcassonne
52%
Deux-SèvresNiort
52%
MayenneLaval
51%
AudeNarbonne
49%
Côtes-d'ArmorSaint-Brieuc
49%
Bouches-du-RhôneArles
49%
Pas-de-CalaisBoulogne-Ville
48%
ArdennesCharleville-Mézières
48%
Alpes-MaritimesAntibes
48%
Loire-AtlantiqueSaint-Nazaire
47%
EssonneMassy - Palaiseau
46%
VosgesÉpinal
46%
EssonneMassy TGV
46%
Tarn-et-GaronneMontauban-Ville-Bourbon
46%
NordRoubaix
45%
NordTourcoing
43%
GirondeArcachon
42%
Hautes-PyrénéesTarbes
42%
VendéeLa Roche-sur-Yon
41%
HéraultSète
41%
Val-d'OiseAéroport Charles-de-Gaulle TGV
40%
LandesDax
40%
MarneChâlons-en-Champagne
39%
DrômeMontélimar
39%
ArdennesSedan
37%
Alpes-MaritimesMenton
37%
Saône-et-LoireChalon-sur-Saône
35%
MeuseBar-le-Duc
34%
JuraDole-Ville
34%
VaucluseOrange
34%
SavoieAlbertville
34%
Haute-SavoieAnnemasse
33%
NordDouai
33%
JuraLons-le-Saunier
33%
Hautes-PyrénéesLourdes
32%
Côte-d'OrBeaune
31%
FinistèreMorlaix
31%
VarHyères
31%
Saône-et-LoireLe Creusot TGV
31%
SavoieAix-les-Bains-Le Revard
31%
GirondeLibourne
31%
VarLes Arcs-Draguignan
30%
HéraultAgde
29%
Côtes-d'ArmorGuingamp
28%
Pyrénées-AtlantiquesHendaye
28%
VarSaint-Raphaël-Valescure
27%
Indre-et-LoireSaint-Pierre-des-Corps
27%
Haute-SavoieÉvian-les-Bains
27%
Pyrénées-AtlantiquesSaint-Jean-de-Luz-Ciboure
27%
SommeTGV Haute-Picardie
25%
VendéeLes Sables-d'Olonne
25%
Côtes-d'ArmorLannion
25%
Haute-SavoieThonon-les-Bains
25%
MoselleThionville
25%
Pas-de-CalaisBéthune
24%
MarneChampagne-Ardenne TGV
22%
Loire-AtlantiqueLa Baule-Escoublac
22%
MorbihanAuray
21%
SavoieBourg-Saint-Maurice
20%
Loire-AtlantiqueAncenis
20%
MeuseMeuse TGV
20%
VienneChâtellerault
19%
MoselleLorraine TGV
18%
Loire-AtlantiqueLe Croisic
18%
Loir-et-CherVendôme TGV
18%
Maine-et-LoireSaumur
17%
YvelinesMantes-la-Jolie
17%
Bas-RhinSélestat
17%
Côte-d'OrMontbard
17%
Ille-et-VilaineRedon
17%
AinBellegarde-sur-Valserine
17%
VienneFuturoscope
16%
FinistèreQuimperlé
16%
SavoieSaint-Jean-de-Maurienne/Arvan
16%
SavoieModane
15%
VosgesSaint-Dié-des-Vosges
15%
SavoieMoûtiers - Salins - Brides-les-Bains
14%
Ille-et-VilaineVitré
14%
MoselleForbach
14%
Pyrénées-AtlantiquesOrthez
14%
Bouches-du-RhôneMiramas
14%
SartheSablé-sur-Sarthe
14%
Meurthe-et-MoselleLunéville
13%
FinistèreLanderneau
13%
GirondeFacture-Biganos
12%
Haute-SavoieSaint-Gervais-Le Fayet
11%
Haute-SavoieCluses
11%
VosgesRemiremont
11%
Côtes-d'ArmorLamballe
11%
SavoieAime-La Plagne
11%
Bas-RhinSaverne
10%
MarneVitry-le-François
10%
Loire-AtlantiquePornichet
10%
Haute-SavoieSallanches - Combloux - Megève
10%
NordHazebrouck
10%
MoselleSarrebourg
9%
VosgesNeufchâteau
9%
ArdennesRethel
9%
CharenteRuffec
8%
Charente-MaritimeSurgères
8%
GirondeLa Teste
8%
Pas-de-CalaisÉtaples - Le Touquet
8%
SavoieSaint-Michel-Valloire
7%
Deux-SèvresSaint-Maixent
7%
NordCroix - Wasquehal
7%
DoubsFrasne
6%
Ille-et-VilaineDol-de-Bretagne
6%
Pas-de-CalaisRang-du-Fliers - Verton
6%
Loire-AtlantiqueSavenay
6%
FinistèreRosporden
6%
Haute-MarneCulmont - Chalindrey
6%
Côtes-d'ArmorPlouaret-Trégor
5%
JuraMouchard
5%
SavoieLandry
5%
Loire-AtlantiqueLe Pouliguen
3%
AinNurieux
3%
SavoieSaint-Avre-La Chambre
3%

Distribution des résultats

Percentile par nombre de réponses

% des personnes avec chaque résultat

Votre développement - résultats

Vous n’avez pas pris ce quiz